| 000 -ლიდერი |
| ფიქსირებული სიგრძის საკონტროლო ველი |
01710nam a22002897a 4500 |
| 003 - საკონტროლო ნომრის იდენტიფიკატორი |
| საკონტროლო ველი |
Ge_BSU |
| 005 - ბოლო ოპერაციის თარიღი და დრო |
| საკონტროლო ველი |
20250327120712.0 |
| 008 - ფიქსირებული სიგრძის მონაცემთა ელემენტები - ზოგადი ინფორმაცია |
| ფიქსირებული სიგრძის საკონტროლო ველი |
250327s2013 ge ||||| |||| 00| 0 geo d |
| 020 ## - წიგნის საერთაშორისო სტანდარტული ნომერი |
| International Standard Book Number |
9789941427398 |
| 041 ## - ენის კოდი |
| Language code of text/sound track or separate title |
geo |
| 080 ## - უნივერსალური ათობითი კლასიფიკაციის ინდექსი |
| Universal Decimal Classification number |
81'374.3=353.31 თ-30 |
| 100 ## - მთავარი ჩანაწერი - პიროვნების სახელი |
| Personal name |
თანდილავა, ალი |
| 9 (RLIN) |
24695 |
| 245 ## - ცნობა სათაურის შესახებ |
| Title |
ლაზური ლექსიკონი (ლაზური ნენაფუნა) / |
| Statement of responsibility, etc |
ალი თანდილავა; მთ. რედ. მერაბ ჩუხუა; რედ. ნ. ქუთელია, ლილე თანდილავა, ლალი ეზუგბაია; |
| 264 ## - წარმოების, გამოცემის, დისტრიბუციის და სხვა ცნობები |
| გამოცემის, წარმოების, დისტრიბუციის... ადგილი |
თბილისი : |
| გამოცემის, წარმოების, დისტრიბუციის... სახელწოდება |
საარი, |
| გამოცემის, წარმოების, დისტრიბუციის... თარიღი |
2013. |
| 300 ## - ფიზიკური აღწერა |
| Extent |
920 გვ. ; |
| Other physical details |
25 სმ. |
| 500 ## - ზოგადი შენიშვნა |
| General note |
გარეკანზე: სიცოცხლის ხის მოტივი |
| 520 ## - SUMMARY, ETC. |
| Summary, etc |
რეზ. ინგლ. ენაზე |
| 653 ## - INDEX TERM--UNCONTROLLED |
| Uncontrolled term |
ლაზური ენის განმარტებითი ლექსიკონი |
| 700 ## - ADDED ENTRY--PERSONAL NAME |
| Personal name |
ჩუხუა, მერაბ |
| Relator term |
რედ.-გამომც. |
| 9 (RLIN) |
16915 |
| 700 ## - ADDED ENTRY--PERSONAL NAME |
| Personal name |
ბატიაშვილი, ზურაბ |
| Relator term |
თურქოლოგი |
| 9 (RLIN) |
19145 |
| 700 ## - ADDED ENTRY--PERSONAL NAME |
| Personal name |
ხურციძე, ხვიჩა |
| Relator term |
დიზაინერი |
| 9 (RLIN) |
24696 |
| 700 ## - ADDED ENTRY--PERSONAL NAME |
| Personal name |
ქუთელია, ნ. |
| Relator term |
რედაქტორი |
| 9 (RLIN) |
24697 |
| 700 ## - ADDED ENTRY--PERSONAL NAME |
| Personal name |
თანდილავა, ლილე |
| Relator term |
რედაქტორი |
| 9 (RLIN) |
5951 |
| 700 ## - ADDED ENTRY--PERSONAL NAME |
| Personal name |
ეზუგბაია, ლალი |
| Relator term |
რედაქტორი |
| 9 (RLIN) |
24698 |
| 710 ## - ADDED ENTRY--CORPORATE NAME |
| Corporate name or jurisdiction name as entry element |
არნ. ჩიქობავას სახ. ენათმეცნ. ინ-ტი. |
| 9 (RLIN) |
1996 |
| 942 ## - ADDED ENTRY ELEMENTS (KOHA) |
| Source of classification or shelving scheme |
|
| Koha item type |
წიგნი |